<?xml version="1.0" encoding="UTF-8"?>
<collection xmlns="http://www.loc.gov/MARC21/slim">
 <record>
  <leader>00895nam0a2200289   4500</leader>
  <controlfield tag="001">in00000003442</controlfield>
  <controlfield tag="005">20230113131530.5</controlfield>
  <datafield tag="010" ind1=" " ind2=" ">
   <subfield code="a">7-302-03314-5</subfield>
   <subfield code="d">CNY16</subfield>
  </datafield>
  <datafield tag="035" ind1=" " ind2=" ">
   <subfield code="a">0199033922</subfield>
  </datafield>
  <datafield tag="100" ind1=" " ind2=" ">
   <subfield code="a">19990514d1999    em y0chiy0110    ea</subfield>
  </datafield>
  <datafield tag="101" ind1="0" ind2=" ">
   <subfield code="a">chi</subfield>
  </datafield>
  <datafield tag="102" ind1=" " ind2=" ">
   <subfield code="a">CN</subfield>
   <subfield code="b">110000</subfield>
  </datafield>
  <datafield tag="105" ind1=" " ind2=" ">
   <subfield code="a">y   q   000yy</subfield>
  </datafield>
  <datafield tag="106" ind1=" " ind2=" ">
   <subfield code="a">r</subfield>
  </datafield>
  <datafield tag="200" ind1="1" ind2=" ">
   <subfield code="a">数据结构题集</subfield>
   <subfield code="9">shu ju jie gou ti ji</subfield>
   <subfield code="e">C语言版</subfield>
   <subfield code="f">严蔚敏，吴伟民编著</subfield>
  </datafield>
  <datafield tag="210" ind1=" " ind2=" ">
   <subfield code="a">北京</subfield>
   <subfield code="c">清华大学出版社</subfield>
   <subfield code="d">1999</subfield>
  </datafield>
  <datafield tag="215" ind1=" " ind2=" ">
   <subfield code="a">234页</subfield>
   <subfield code="d">26cm</subfield>
  </datafield>
  <datafield tag="517" ind1="1" ind2=" ">
   <subfield code="a">C语言版</subfield>
   <subfield code="9">C yu yan ban</subfield>
  </datafield>
  <datafield tag="606" ind1="0" ind2=" ">
   <subfield code="a">C语言</subfield>
   <subfield code="x">数据结构</subfield>
   <subfield code="x">高等学校</subfield>
   <subfield code="x">习题</subfield>
  </datafield>
  <datafield tag="606" ind1="0" ind2=" ">
   <subfield code="a">C语言</subfield>
  </datafield>
  <datafield tag="606" ind1="0" ind2=" ">
   <subfield code="a">数据结构</subfield>
  </datafield>
  <datafield tag="690" ind1=" " ind2=" ">
   <subfield code="a">TP312C</subfield>
   <subfield code="v">3</subfield>
  </datafield>
  <datafield tag="690" ind1=" " ind2=" ">
   <subfield code="a">TP311.12-44</subfield>
   <subfield code="v">3</subfield>
  </datafield>
  <datafield tag="692" ind1=" " ind2=" ">
   <subfield code="a">73.87221</subfield>
   <subfield code="v">2</subfield>
  </datafield>
  <datafield tag="701" ind1=" " ind2="0">
   <subfield code="a">严蔚敏</subfield>
   <subfield code="9">yan wei min</subfield>
   <subfield code="4">编著</subfield>
  </datafield>
  <datafield tag="701" ind1=" " ind2="0">
   <subfield code="a">吴伟民</subfield>
   <subfield code="9">wu wei min</subfield>
   <subfield code="4">编著</subfield>
  </datafield>
  <datafield tag="999" ind1="f" ind2="f">
   <subfield code="s">20f6d4a8-9b82-4387-8b44-b7c226030e4a</subfield>
   <subfield code="i">622c9aa8-2457-4f69-93f1-fb107b7c853c</subfield>
  </datafield>
 </record>
</collection>
